000 00320nam a22001337a 4500
082 _a621
100 _aAnthony, Mark
245 _aProperty Tables and Charts (SI Units) Appendix 1
260 _aUSA
_c2006
300 _a909-952 p. :
_bill. ;
_e25 cm.
650 _aProperty Tables
700 _aAnthony, Mark
942 _cBK
999 _c11486
_d11486